| 000 | 00378pam a2200157a 44500 | ||
|---|---|---|---|
| 008 | 230515b1995 xxu||||| |||| 00| 0 eng d | ||
| 020 | _aNULL | ||
| 041 | _aENG | ||
| 082 | _a610.73 | ||
| 100 | _aP. A. POTTER & A.G. PERRY | ||
| 245 | _aBASIC NURSING THEORY AND PRACTICE 3RD.ED. | ||
| 250 | _a3RD | ||
| 260 |
_aNULL _b"MOSBEY, ND," _c1995 |
||
| 300 | _a1256 | ||
| 650 | _aNULL | ||
| 999 |
_c523378 _d523378 |
||